Sanat - "Paskana" - Sara Siipola - Statistics

Yleistilastot
  • Tätä visaa on pelattu 119 kertaa
  • Keskiarvotulos 122 / 177
Vastaustilastot
Vastaus % Oikein
99%
oon
99%
paskana
97%
ja
96%
ei
92%
jo
88%
te
85%
Te
85%
saa
84%
et
82%
junat
81%
linnut
81%
maa
81%
vaan
79%
internet
78%
nyt
78%
viel
78%
vielä
78%
tää
77%
jos
75%
kii
75%
Odottakaa
75%
odottakaa
75%
on
75%
pyöriä
75%
sammuttakaa
75%
aurinkokin
74%
ne
74%
ollu
74%
pysäyttäkää
74%
verhot
74%
etteks
73%
nää
73%
ristiäiset
73%
vuosi
73%
häät
71%
kaikki
70%
mut
70%
tällainen
70%
Tosi
67%
en
66%
hienosti
66%
nii
66%
tsemppibiisinne
66%
pärjäilen
64%
perukaa
64%
yli
64%
rakas
63%
valehtelen
62%
hyvin
60%
kavereille
60%
päässy
59%
susta
59%
terapias
59%
yks
56%
ehkä
55%
takas
55%
joskus
52%
mutta
52%
eiks
51%
häät
51%
muisto
51%
niin
51%
maailmanlopun
49%
tuo
49%
Joo
45%
joo
45%
kiinni
45%
kuvioihin
45%
muutkaan
45%
aikuinen
44%
palata
44%
voisin
44%
pyörii
42%
rakastaa
42%
tuska
42%
koitatte
41%
lohduttaa
41%
miks
41%
neki
41%
tajuu
40%
toivois
40%
turvallinen
40%
pitää
38%
sussa
38%
mua
37%
sanat
37%
ilmaa
36%
kaa
36%
pelottaa
36%
viinin
36%
aika
34%
iltaa
34%
jatkatte
33%
sehän
32%
tässä
32%
ehjäks
30%
voimalauseita
27%
Ehtoja vastaavia visoja ei löytynyt
Tulosjakauma
Jokaisen tuloksen saaneiden osuus
Persentiili vastausten määrän mukaan
Tuloshistoriasi
Et ole pelannut tätä visaa